000
00320nam a2200133Ia 4500
008
231129s1980||||xx |||||||||||||| ||spa||
040
_b
spa
082
_a
325.32 F214c
100
_a
Fanon Frantz
245
0
_a
Los condenados de la tierra
260
_c
1980
264
_a
Fondo de Cultura Economica
942
_2
ddc
_c
BKS
999
_c
19564
_d
19564